PINs and Passwords - Statistics

General Stats
  • This quiz has been taken 553 times
  • The average score is 17 of 50
Answer Stats
Hint Answer % Correct
numerical sequence 1234
98%
repeating number 1111
91%
secret-related word (8) password
84%
repeating number 2222
83%
repeating number 3333
82%
numerical sequence (6) 123456
80%
repeating number 0000
79%
repeating number 9999
77%
repeating number 5555
75%
numerical sequence (7) 1234567
74%
repeating number 7777
74%
repeating number 8888
74%
numerical sequence (8) 12345678
72%
popular sport (8) football
71%
keyboard sequence (6) qwerty
65%
repeating number (6) 111111
50%
popular sport (8) baseball
50%
religious figure (5) jesus
46%
secret word with number (9) password1
36%
repeating number 1212
32%
alphanumerical sequences (6) abc123
30%
numerical sequence 2468
18%
fun animal (6) monkey
17%
date 1999
16%
bright word (8) sunshine
14%
repeating number 6969
13%
numerical sequences (6) 123123
12%
car model or fun animal (7) mustang
12%
date 1995
11%
date 1997
11%
date 1998
11%
entrance-related phrase (7) letmein
11%
date 1996
10%
person's title (6) master
8%
entrance-related word (7) welcome
8%
keypad sequence 1379
7%
keypad sequence 2580
7%
happy word 5683
7%
happy phrase (8) iloveyou
6%
man's name (7) michael
6%
numerical sequence 1235
5%
date 2011
4%
fun animal (6) dragon
4%
dark word (6) shadow
4%
keypad sequence 0852
3%
repeating number 2525
2%
woman's name (6) ashley
2%
keypad sequence 1590
1%
fun person (5) ninja
1%
secret-related phrase (8) trustno1
1%
No matching quizzes found
Score Distribution
Percent of People with Each Score
Percentile by Number Answered
Your Score History
You have not taken this quiz